Simulation of 3G Mobile system / (Record no. 182676)
[ view plain ]
| 000 -LEADER | |
|---|---|
| fixed length control field | 00856 a2200193 4500 |
| 003 - CONTROL NUMBER IDENTIFIER | |
| control field | NUST |
| 005 - DATE AND TIME OF LATEST TRANSACTION | |
| control field | 20251111175238.0 |
| 040 ## - CATALOGING SOURCE | |
| Transcribing agency | Nust |
| 082 ## - DEWEY DECIMAL CLASSIFICATION NUMBER | |
| Classification number | 621.382,BUT |
| 100 ## - MAIN ENTRY--PERSONAL NAME | |
| Personal name | Butt , NC Azer (TCC-10) |
| 9 (RLIN) | 131810 |
| 245 ## - TITLE STATEMENT | |
| Title | Simulation of 3G Mobile system / |
| Statement of responsibility, etc. | NC Azer Butt, NC Hamza Bin Tariq, PC Naveed Mumtaz, NC Junaid Hakeem and NC Syed Farhan Ali. |
| 260 ## - PUBLICATION, DISTRIBUTION, ETC. | |
| Place of publication, distribution, etc. | Rawalpindi |
| Name of publisher, distributor, etc. | MCS (NUST) |
| Date of publication, distribution, etc. | 2002 |
| 300 ## - PHYSICAL DESCRIPTION | |
| Extent | 116 p.; |
| 505 ## - FORMATTED CONTENTS NOTE | |
| Formatted contents note | Introduction (Page-2), Service and Service Elements (Page-13), Networks Architecture (Page-22), MS Functionality (PAge-26), Protocols and Protocol Architecture (Page-28), Fundamental Procedures Within SMS (Page-99), Software Architecture (Page-105). |
| 650 ## - SUBJECT ADDED ENTRY--TOPICAL TERM | |
| Topical term or geographic name entry element | UG Projects |
| 9 (RLIN) | 98716 |
| 651 ## - SUBJECT ADDED ENTRY--GEOGRAPHIC NAME | |
| Geographic name | TCC-10 |
| 9 (RLIN) | 131808 |
| 700 ## - ADDED ENTRY--PERSONAL NAME | |
| Personal name | Supervised by Maj Fazal Ahmed and External DS: Dr. Muid Mufti |
| 9 (RLIN) | 131811 |
| 942 ## - ADDED ENTRY ELEMENTS (KOHA) | |
| Koha item type | Project Report |
| Source of classification or shelving scheme | |
| Withdrawn status | Lost status | Source of classification or shelving scheme | Damaged status | Not for loan | Permanent Location | Current Location | Shelving location | Date acquired | Full call number | Barcode | Date last seen | Price effective from | Koha item type | Public note |
|---|---|---|---|---|---|---|---|---|---|---|---|---|---|---|
| Military College of Signals (MCS) | Military College of Signals (MCS) | Reference | 12/12/2016 | 621.382,BUT | MCSPTC-33 | 12/08/2016 | 12/12/2016 | Project Report | Almirah No. 94, Shelf No. 1 |
